Top 100 Footballers of All Time - Statistics

General Stats
  • This quiz has been taken 487 times
  • The average score is 55 of 100
Answer Stats
Rank Clubs Nation Player % Correct
#6 Sporting CP, Manchester United, Real Madrid, Juventus Portugal Cristiano Ronaldo
96%
#5 FC Barcelona Argentina Lionel Messi
96%
#2 Argentinos Juniors, Boca Juniors, FC Barcelona, Napoli, Sevilla FC, Newell's Old Boys Argentina Diego Maradona
95%
#3 Cruzeiro, PSV Eindhoven, FC Barcelona, Inter Milan, Real Madrid, AC Milan, Corinthians Brazil Ronaldo
95%
#7 Santos, New York Cosmos Brazil Pele
93%
#8 Cannes, Bordeaux, Juventus, Real Madrid France Zinedine Zidane
86%
#4 Gremio, PSG, FC Barcelona, AC Milan, Flamengo, Atletico Mineiro, Queretaro, Fluminense Brazil Ronaldinho
85%
#14 FC Barcelona, Al-Sadd Spain Xavi
83%
#10 FC Barcelona, Vissel Kobe Spain Andres Iniesta
82%
#19 Santos, FC Barcelona, PSG Brazil Neymar
82%
#9 Ajax, FC Barcelona, Los Angeles Aztecs, Washington Diplomats, Levante UD, Feyenoord Netherlands Johan Cruyff
80%
#12 Dinamo Zagreb, Zrinjski Mostar, Inter Zapresic, Tottenham Hotspur, Real Madrid Croatia Luka Modric
80%
#1 Brescia, Inter Milan, Reggina, AC Milan, Juventus, New York City FC Italy Andrea Pirlo
79%
#18 Malmo FF, Ajax, Juventus, Inter Milan, FC Barcelona, AC Milan, PSG, Manchester United, LA Galaxy Sweden Zlatan Ibrahimovic
79%
#31 1861 Nordlingen, Bayern Munich, Fort Lauderdale Strikers Germany Gerd Muller
77%
#55 Bayern Munich Germany Thomas Muller
77%
#28 Southampton, Tottenham Hotspur, Real Madrid Wales Gareth Bale
76%
#37 Nacional, FC Groningen, Ajax, Liverpool, FC Barcelona, Atletico Madrid Uruguay Luis Suarez
76%
#17 AS Monaco, Juventus, Arsenal, FC Barcelona, New York Red Bulls France Thierry Henry
76%
#24 Le Mans, EA Guingamp, Olympique Marseille, Chelsea, Shanghai Shenhua, Galatasaray, Montreal Impact, Phoenix Rising Ivory Coast Didier Drogba
75%
#21 Manchester United, Preston North End, Real Madrid, LA Galaxy, AC Milan, PSG England David Beckham
74%
#25 Liverpool, LA Galaxy England Steven Gerrard
74%
#11 Parma, Juventus, PSG Italy Gianluigi Buffon
72%
#41 Bayern Munich, VFB Stuttgart Germany Philipp Lahm
72%
#43 Legia Warsaw, Znicz Pruszkow, Lech Poznan, Borussia Dortmund, Bayern Munich Poland Robert Lewandowski
72%
#26 Sevilla FC, Real Madrid Spain Sergio Ramos
72%
#49 Everton, Manchester United, DC United, Derby County England Wayne Rooney
71%
#13 Manchester United, Jewish Guild, Dunstable Town, Stockport County, Cork Celtic, Los Angeles Aztecs, Fulham, Fort Lauderdale Strikers, Hibernian, San Jose Earthquakes, Sea Bee, Hong Kong Rangers, Bournemouth, Brisbane Lions, Osborne Park Gelab, Dee Why FC, Nuneaton Borough, Tobermore United Northern Ireland George Best
70%
#33 Real Madrid, CD Leganes, RCD Espanyol, RCD Mallorca, FC Barcelona, Inter Milan, Anzhi Makhachkala, Chelsea, Everton, Sampdoria, Antalyaspor, Konyaspor, Qatar SC Cameroon Samuel Eto'o
70%
#27 FC Schalke 04, Bayern Munich Germany Manuel Neuer
69%
#38 Sao Paulo, AC Milan, Real Madrid, Orlando City Brazil Kaka
68%
#34 Budapest Honved, Real Madrid Hungary Ferenc Puskas
67%
#20 Manchester United Wales Ryan Giggs
67%
#54 West Ham United, Swansea City, Chelsea, Manchester City, New York City FC England Frank Lampard
65%
#16 Uniao Sao Joao, Palmeiras, Inter Milan, Real Madrid, Fenerbahce, Corinthians, Anzhi Makhachkala, Delhi Dynamos Brazil Roberto Carlos
65%
#89 Triestina, AC Milan, Torino Italy Cesare Maldini
64%
#30 AS Roma Italy Francesco Totti
64%
#53 LOSC Lille, Chelsea, Real Madrid Belgium Eden Hazard
63%
#44 Sporting CP, FC Barcelona, Real Madrid, Inter Milan Portugal Luis Figo
63%
#23 FC Barcelona Spain Carles Puyol
61%
#42 Real Madrid, FC Porto Spain Iker Casillas
61%
#50 FC Groningen, PSV Eindhoven, Chelsea, Real Madrid, Bayern Munich Netherlands Arjen Robben
60%
#22 Real Madrid, FC Schalke 04, Al-Sadd, New York Cosmos Spain Raul
60%
#39 Bayern Munich, Bayer Leverkusen, Real Madrid Germany Toni Kroos
60%
#32 Dynamo Moscow Russia Lev Yashin
59%
#15 Bayern Munich, New York Cosmos, Hamburger SV Germany Franz Beckenbauer
58%
#51 Gladsaxe-Hero, Hvidovre, Brondby, Manchester United, Sporting CP, Aston Villa, Manchester City Denmark Peter Schmeichel
57%
#72 Feyenoord, Arsenal, Manchester United, Fenerbahce Netherlands Robin Van Persie
57%
#52 Santa Cruz, Mogi Mirim, Corinthians, Palmeiras, RC Deportivo, FC Barcelona, AC Milan, Cruzeiro, Olympiacos, AEK Athens, Bunyodkor, Sao Paulo, Kabuscorp, Sao Caetano Brazil Rivaldo
56%
#46 Sporting Lourenco Marques, SL Benfica, Boston Minutemen, Monterrey, Toronto Metros-Croatia, Beira-Mar, Las Vegas Quicksilvers, Uniao De Tomar, New Jersey Americans Portugal Eusebio
54%
#40 River Plate, Huracan, Millonarios, Real Madrid, RCD Espanyol Argentina, Colombia, Spain Alfredo Di Stefano
53%
#29 Sao Paulo, Real Zaragoza, Juventude, Palmeiras, AS Roma, AC Milan Brazil Cafu
52%
#47 RS Futebol, Juventude, FC Porto, Dynamo Moscow, Fluminense, AC Milan, PSG, Chelsea Brazil Thiago Silva
52%
#67 Atletico Madrid, Liverpool, Chelsea, AC Milan, Sagan Tosu Spain Fernando Torres
51%
#62 Manchester United England Paul Scholes
50%
#60 Padova, Juventus, Sydney FC, Delhi Dynamos Italy Alessandro Del Piero
49%
#70 Bayern Munich, Manchester United, Chicago Fire Germany Bastian Schweinsteiger
49%
#98 Valencia CF, SD Eibar, RC Celta, Manchester City, Real Sociedad Spain David Silva
49%
#35 LR Vicenza, Fiorentina, Juventus, AC Milan, Bologna, Inter Milan, Brescia Italy Roberto Baggio
49%
#74 Independiente, Atletico Madrid, Manchester City Argentina Sergio Aguero
48%
#45 Ajax, Inter Milan, Arsenal Netherlands Dennis Bergkamp
47%
#59 Karlsruher SC, Bayern Munich Germany Oliver Kahn
47%
#36 Vasco Da Gama, PSV Eindhoven, FC Barcelona, Flamengo, Valencia CF, Fluminense, Al-Sadd, Miami FC, Adelaide United, America FC Brazil Romario
47%
#80 Chmel Blsany, Sparta Prague, Stade Rennes, Chelsea, Arsenal Czech Republic Petr Cech
46%
#65 Sporting Gijon, Real Zaragoza, Valencia CF, FC Barcelona, Atletico Madrid, New York City FC, Melbourne City, Vissel Kobe Spain David Villa
45%
#90 Boulogne, Ales, Stade Brest, FC Metz, Galatasaray, Olympique Marseille, Bayern Munich, Fiorentina France Franck Ribery
45%
#68 AS Nancy, Saint-Etienne, Juventus France Michel Platini
44%
#78 FC 08 Homburg, 1.FC Kaiserslautern, Werder Bremen, Bayern Munich, Lazio Germany Miroslav Klose
44%
#61 Lazio, AC Milan, Montreal Impact, Chennaiyin Italy Alessandro Nesta
43%
#82 Rosario Central, SL Benfica, Real Madrid, Manchester United, PSG Argentina Angel Di Maria
43%
#96 Napoli, Parma, Inter Milan, Juventus, Real Madrid, Al-Ahli Italy Fabio Cannavaro
43%
#83 Den Bosch, SC Heerenveen, PSV Eindhoven, Manchester United, Real Madrid, Hamburger SV, Malaga CF, Netherlands Ruud Van Nistelrooy
42%
#66 Fluminense, Real Madrid Brazil Marcelo
41%
#56 Borussia Monchengladbach, Bayern Munich, Inter Milan, MetroStars, 1. FC Herzogenaurach Germany Lothar Matthaus
40%
#95 Skoda Plzen, Dukla Prague, Sparta Prague, Lazio, Juventus Czech Republic Pavel Nedved
40%
#86 Real Sociedad, SD Eibar, Liverpool, Real Madrid, Bayern Munich Spain Xabi Alonso
40%
#94 Southampton, Blackburn Rovers, Newcastle United England Alan Shearer
39%
#64 Manchester United, Preston North End, Waterford, Newcastle KB United, Perth Azzurri, Blacktown City England Bobby Charlton
38%
#69 AJ Auxerre, Martigues, Olympique Marseille, Bordeaux, Montpellier, Nimes Olympique, Leeds United, Manchester United France Eric Cantona
38%
#88 KB, Brondby, Lazio, Juventus, FC Barcelona, Real Madrid, Vissel Kobe, Ajax Denmark Michael Laudrup
38%
#92 Bahia, Sevilla FC, FC Barcelona, Juventus, PSG, Sao Paulo Brazil Dani Alves
37%
#85 Ajax, Juventus, Fulham, Manchester United Netherlands Edwin Van Der Sar
37%
#81 Farul Constanta, Sportul Studentesc, Steaua Bucuresti, Real Madrid, Brescia, FC Barcelona, Galatasaray Romania Gheorghe Hagi
37%
#76 Hebros, CSKA Sofia, FC Barcelona, Parma, Al-Nassr, Kashiwa Reysol, Chicago Fire, DC United Bulgaria Hristo Stoichkov
34%
#58 UNAM, San Diego Sockers, Atletico Madrid, Real Madrid, Club America, Rayo Vallecano, Atlante, FC Linz, Dallas Burn, Atletico Celaya Mexico Hugo Sanchez
34%
#84 SL Benfica, Fafe, Fiorentina, AC Milan Portugal Rui Costa
34%
#48 Flamengo, Udinese, Kashima Antlers Brazil Zico
34%
#100 Ajax, Sampdoria, Real Madrid, Inter Milan, AC Milan, Botafogo Netherlands Clarence Seedorf
32%
#71 West Ham United, Fulham, San Antonio Thunder, Seattle Sounders, Herning Fremad, Carolina Lightnin' England Bobby Moore
31%
#75 River Plate, Parma, Lazio, Inter Milan, Chelsea, AC Milan, Genoa Argentina Hernan Crespo
30%
#99 Talleres, Banfield, Inter Milan Argentina Javier Zanetti
30%
#73 Newell's Old Boys, River Plate, Boca Juniors, Fiorentina, AS Roma, Inter Milan, Al-Arabi Argentina Gabriel Batistuta
29%
#87 Botafogo, Corinthians, Fiorentina, Flamengo, Santos, Garforth Town Brazil Socrates
28%
#77 Piacenza, AlbinoLeffe, Hellas Verona, Parma, Atalanta, Juventus, AC Milan Italy Filippo Inzaghi
25%
#57 Valencia CF, Malaga CF, Real Madrid Spain Isco
20%
#91 Stuttgarter Kickers, VFB Stuttgart, Inter Milan, AS Monaco, Tottenham Hotspur, Bayern Munich, Sampdoria, Orange County Blue Star Germany Jurgen Klinsmann
20%
#79 Juventus, Como, LR Viacenza, Perugia, AC Milan, Hellas Verona Italy Paolo Rossi
20%
#63 Instituto, Rosario Central, Valencia CF, River Plate, Hercules, First Vienna, St. Polten, Kremser SC, Fernandez Vial, Pelita Jaya Argentina Mario Kempes
14%
#93 Stoke City, Blackpool, Toronto City England Sir Stanley Matthews
14%
#97 Eclair De Douala, Leopard Douala, Tonnerre, Valenciennes, AS Monaco, Bastia, Saint-Etienne, Montpellier, Saint-Pierroise, Pelita Jaya, Putra Samarinda Cameroon Roger Milla
11%
No matching quizzes found
Score Distribution
Percent of People with Each Score
Percentile by Number Answered
Your Score History
You have not taken this quiz